000 009830000a22002530004500
003 EG-GICUC
005 20250223030056.0
008 090930s1977 ua e f m 000 0 ara d
040 _aEG-GiCUC
_bara
_cEG-GiCUC
041 0 _aara
049 _aايداع
097 _aماجستير
099 _aCai01.14.01.M.Sc.1977.مح.م
100 0 _aمحمد فهيم
245 1 0 _aمدرسة السلطان قانصوة الغورى :
_bدراسة اثرية معمارية /
_cمحمد فهيم ؛ اشراف سعاد ماهر محمد
260 _aالقاهرة :
_bمحمد فهيم :
_c1977
300 _a241ورقة :
_bرسوم هندسية ؛
_c30سم
502 _aاطروحة(ماجستير) - جامعة القاهرة - كلية الاثار - قسم الاثار الاسلامية
700 0 _aسعاد ماهر محمد :
_eمشرف
856 _uhttp://172.23.153.220/th.pdf
905 _aFatma
_eCataloger
905 _aNazla
_eRevisor
942 _2ddc
_cTH
999 _c26925
_d26925